Vista normal
Vista MARC
Entrada Personal Name
Número de registros utilizados en: 1
001 - CONTROL NUMBER
- control field: 62456
003 - CONTROL NUMBER IDENTIFIER
- control field: OSt
005 - DATE AND TIME OF LATEST TRANSACTION
- control field: 20250815215043.0
008 - FIXED-LENGTH DATA ELEMENTS
- fixed length control field: 250815|| aca||aabn | a|a d
040 ## - CATALOGING SOURCE
- Original cataloging agency: OSt
- Transcribing agency: OSt
100 ## - HEADING--PERSONAL NAME
- Personal name: Montoya Ríos, Mónica
670 ## - SOURCE DATA FOUND
- Source citation: Work cat.: (OSt)58110: Jaramillo, Orlanda aut 62454, La biblioteca pública :